[Event "Nuremberg-ch op 04th"]
[Site "Nuremberg"]
[Date "2004.05.21"]
[Round "1"]
[White "Seeger, Peter"]
[Black "Liedemit, Wolfgang"]
[Result "1-0"]
[WhiteElo "2020"]
[BlackElo "1511"]
[PlyCount "75"]
[EventDate "2004.05.21"]
[EventType "swiss"]
[EventRounds "5"]
[EventCountry "GER"]
[SourceTitle "EXT 2006"]
[Source "ChessBase"]
[SourceDate "2005.11.24"]
[SourceVersion "1"]
[SourceVersionDate "2005.11.24"]
[SourceQuality "1"]

1. d4 d5 2. Nf3 Nf6 3. c4 c6 4. Nc3 e6 5. Bg5 Nbd7 6. cxd5 exd5 7. e3 Bd6 8. Qc2 h6 9. Bh4 Qc7 10. a3 b6 11. Rc1 Bb7 12. Nb5 Qb8 13. Nxd6+ Qxd6 14. Bd3 0-0 15. Bg3 Qe6 16. 0-0 Ne4 17. Be5 f6 18. Bg3 c5 19. dxc5 Ndxc5 20. Nd4 Qf7 21. Be2 Rac8 22. Bg4 Nd7 23. Qxc8 Rxc8 24. Be6 Ndc5 25. Bxf7+ Kxf7 26. b4 Nd3 27. Rxc8 Bxc8 28. Rd1 Nb2 29. Rc1 Nc4 30. f3 Nxg3 31. hxg3 Bd7 32. e4 Be6 33. exd5 Bxd5 34. Nb5 a5 35. Nc7 Be6 36. Nxe6 Nxa3 37. bxa5 bxa5 38. Nd4 1-0